Misiuk, Andrzej. Służby specjalne w II Rzeczypospolitej. - Warszawa. - 1998 [Rezension]

Titel: Misiuk, Andrzej. Służby specjalne w II Rzeczypospolitej. - Warszawa. - 1998 [Rezension]
Verfasser:
In: Rocznik Gdański, Band 60, Heft 1 (2000), Seite 167-169
alle Artikel anzeigen
Veröffentlicht: 2000
Format: Aufsatz
Sprache: Polnisch
Kein Bild verfügbar
X
alg: 39485898
001A    $01999:12-11-16 
001B    $01999:03-08-21 $t21:04:38.000 
001D    $01999:12-11-16 
001U    $0utf8 
001X    $00 
002@    $0Aox 
003@    $0394858980 
007A    $0394858980 $aHEB 
007T    $0Herd58191 
010@    $apol 
011@    $a2000 
021A    $aMisiuk, Andrzej. Służby specjalne w II Rzeczypospolitej. - Warszawa. -  1998 [Rezension] 
028A    $aKołakowski $dPiotr 
031A    $d60 $e1 $h167-169 $j2000 
039B    $aIn $8--Abvc--. Rocznik Gdański. - Gdańsk : Wydawn. Gdańskie, 1927-. - ISSN 0080-3456 $x200000000600001833 $9047550872 
039T    $8--Aax--Misiuk, Andrzej$Z1958- [Tp3]. Służby specjalne w II Rzeczypospolitej. - Warszawa, 1998 $9395538203 
045F    $a900.9438 $eDDC23BSB 
045F/01 $a900 
045F/03 $g438 
045T    $a9,10 $a8 

lok: 39485898 78

exp: 39485898 78 1 #EPN
201B/01 $018-11-16 $t12:57:44.000 
201U/01 $0utf8 
203@/01 $0791157571 
208@/01 $a12-11-16 $be 
209A/01 $a/ $f000 $x00 
220C/01 $aTitelaufnehmer: pbb;pg 
220C/01 $aHerkunft: IH PAN/PBB Kraków 
244Z/01 $2Trx $#Poola $#Lenkija $#Polija $#Polen Land $#Poland $#Lengyelország $#Poľsko $#Polsko $8--Trx--Polska$gkraj $x01 $9391345966 
244Z/01 $2Trx $#arvustused $#recenzijos $#Reviews $#recenziók $#recenzje $#recenzie $#recenze $8--Trx--Rezensionen $x02 $9391357441 
247C/01 $82080>Marburg/Lahn, Herder-Institut, Forschungsbibliothek, Bibliographieportal $9336309341
LEADER 00000caa a22000002c 4500
001 394858980
003 DE-603
005 20210803210438.0
007 tu
008 161112s2000 xx |||| | u00||u|pol c
035 |a (DE-599)HEB394858980 
040 |a DE-603  |b ger  |c DE-603  |d DE-603 
041 |a pol 
082 0 4 |8 1\u  |a 900.9438  |q DE-101  |2 23/BSB 
084 |a 9,10  |a 8  |2 ssgn 
085 |8 1\u  |b 900 
085 |8 1\u  |z 2  |s 438 
100 1 |a Kołakowski, Piotr 
245 0 0 |a Misiuk, Andrzej. Służby specjalne w II Rzeczypospolitej. - Warszawa. - 1998 [Rezension] 
264 0 |c 2000 
773 0 8 |i In  |t Rocznik Gdański  |d Gdańsk : Wydawn. Gdańskie, 1927-  |x 0080-3456  |g Band 60, Heft 1 (2000), Seite 167-169  |w (DE-603)047550872  |w (DE-600)400807-8 
787 0 8 |i Rezension von  |a Misiuk, Andrzej, 1958-  |t Służby specjalne w II Rzeczypospolitej  |d Warszawa, 1998  |w (DE-603)395538203 
924 0 |9 2080  |a (DE-603)791157571  |b DE-2080  |c HES  |d d  |g /